| 000 | 00652nam a22002177a 4500 | ||
|---|---|---|---|
| 999 |
_c10164 _d10164 |
||
| 003 | AR-CdUCM | ||
| 008 | 190329b ||||| |||| 00| 0 spa d | ||
| 040 |
_aMUNICIPALIDAD PROVINCIAL DEL CUSCO _cBIBLIOTECA MUNICIPAL DEL CUSCO |
||
| 082 |
_a478.146 / _bAE27 / 1830 |
||
| 100 |
_aAelli, Antonii _926862 |
||
| 245 | _aNebrissensis de institutione grammaticae / | ||
| 260 |
_aLimae : _bTypis Apud J., _c1830 |
||
| 300 |
_a279 paginas ; _c14 cm. |
||
| 500 | _aLibro completamente en igles | ||
| 650 |
_aFrancia _91444 |
||
| 650 |
_aGramatica _99175 |
||
| 650 |
_aLiteratura _983 |
||
| 650 |
_aUniversal _918236 |
||
| 942 |
_2ddc _cLIBROS |
||
| 945 | _apjha | ||